000 00565cam a22002053a 4500
001 37653
003 PGUSA
005 20140828083827.0
008 111007s2011||||xxu|||||s|||||000 | eng d
040 _aPGUSA
_beng
042 _adc
100 1 _aAnderson, Poul,
_d1926-2001
245 1 0 _aSentiment, Inc.
_h[electronic resource] /
_cPoul Anderson
260 _bProject Gutenberg,
_c2011
506 _aPublic domain in the USA.
516 _aElectronic text
830 0 _aProject Gutenberg
_v37653
856 4 0 _uhttp://www.gutenberg.org/ebooks/37653
942 _cEB
999 _c266907
_d266907